<?xml version="1.0" encoding="UTF-8"?>
<record
    xmlns:xsi="http://www.w3.org/2001/XMLSchema-instance"
    xsi:schemaLocation="http://www.loc.gov/MARC21/slim http://www.loc.gov/standards/marcxml/schema/MARC21slim.xsd"
    xmlns="http://www.loc.gov/MARC21/slim">

  <leader>02288nam2a22002891  4500</leader>
  <controlfield tag="001">RU\NLR\IC12\5000102382</controlfield>
  <controlfield tag="005">20260406083031.0</controlfield>
  <datafield tag="035" ind1=" " ind2=" ">
    <subfield code="a">(NLR Aleph) 002723883</subfield>
  </datafield>
  <datafield tag="090" ind1=" " ind2=" ">
    <subfield code="a">1898585</subfield>
    <subfield code="c">1898585</subfield>
  </datafield>
  <datafield tag="100" ind1=" " ind2=" ">
    <subfield code="a">20040122d1907    |||y0rusy50      ca</subfield>
  </datafield>
  <datafield tag="101" ind1="0" ind2=" ">
    <subfield code="a">rus</subfield>
  </datafield>
  <datafield tag="102" ind1=" " ind2=" ">
    <subfield code="a">RU</subfield>
  </datafield>
  <datafield tag="105" ind1=" " ind2=" ">
    <subfield code="a">y   |||||||||</subfield>
  </datafield>
  <datafield tag="200" ind1="1" ind2=" ">
    <subfield code="a">&#x420;&#x435;&#x437;&#x443;&#x43B;&#x44C;&#x442;&#x430;&#x442;&#x44B; &#x438;&#x441;&#x441;&#x43B;&#x435;&#x434;&#x43E;&#x432;&#x430;&#x43D;&#x438;&#x44F; &#x444;&#x430;&#x443;&#x43D;&#x44B; &#x447;&#x435;&#x440;&#x432;&#x435;&#x439; &#x440;&#x435;&#x43A;&#x438; &#x412;&#x43E;&#x43B;&#x433;&#x438; &#x438; &#x43F;&#x440;&#x435;&#x43C;&#x43D;&#x44B;&#x445; &#x43E;&#x437;&#x435;&#x440; &#x443; &#x421;&#x430;&#x440;&#x430;&#x442;&#x43E;&#x432;&#x430; (Trematodes, Cestodes, Nemathelminthes &#x438; Oligochaeta)</subfield>
    <subfield code="f">&#x41B;&#x430;&#x432;&#x440;&#x43E;&#x432; &#x421;.</subfield>
  </datafield>
  <datafield tag="210" ind1=" " ind2=" ">
    <subfield code="d">1907</subfield>
    <subfield code="a">&#x411;. &#x43C;.</subfield>
  </datafield>
  <datafield tag="225" ind1="1" ind2=" ">
    <subfield code="a">&#x422;&#x440;&#x443;&#x434;&#x44B; &#x421;&#x430;&#x440;&#x430;&#x442;&#x43E;&#x432;&#x441;&#x43A;&#x43E;&#x433;&#x43E; &#x43E;&#x431;&#x449;&#x435;&#x441;&#x442;&#x432;&#x430; &#x435;&#x441;&#x442;&#x435;&#x441;&#x442;&#x432;&#x43E;&#x438;&#x441;&#x43F;&#x44B;&#x442;&#x430;&#x442;&#x435;&#x43B;&#x435;&#x439; &#x438; &#x43B;&#x44E;&#x431;&#x438;&#x442;&#x435;&#x43B;&#x435;&#x439; &#x435;&#x441;&#x442;&#x435;&#x441;&#x442;&#x432;&#x43E;&#x437;&#x43D;&#x430;&#x43D;&#x438;&#x44F;</subfield>
    <subfield code="v">&#x422;.5, &#x432;&#x44B;&#x43F;.2</subfield>
    <subfield code="i">...</subfield>
    <subfield code="v">&#x422;.3, &#x2116;3</subfield>
  </datafield>
  <datafield tag="309" ind1=" " ind2=" ">
    <subfield code="a">&#x41D;&#x430; &#x43E;&#x431;&#x43B;. &#x434;&#x430;&#x442;&#x430;: 1908</subfield>
  </datafield>
  <datafield tag="461" ind1=" " ind2="0">
    <subfield code="1">001RU\NLR\INFOCOMM55\1000110838</subfield>
    <subfield code="1">2001#$a&#x422;&#x440;&#x443;&#x434;&#x44B; &#x421;&#x430;&#x440;&#x430;&#x442;&#x43E;&#x432;&#x441;&#x43A;&#x43E;&#x433;&#x43E; &#x43E;[&#x431;&#x449;&#x435;&#x441;&#x442;]&#x432;&#x430; &#x435;&#x441;&#x442;&#x435;&#x441;&#x442;&#x432;&#x43E;&#x438;&#x441;&#x43F;&#x44B;&#x442;&#x430;&#x442;&#x435;&#x43B;&#x435;&#x439; &#x438; &#x43B;&#x44E;&#x431;&#x438;&#x442;&#x435;&#x43B;&#x435;&#x439; &#x435;&#x441;&#x442;&#x435;&#x441;&#x442;&#x432;&#x43E;&#x437;&#x43D;&#x430;&#x43D;&#x438;&#x44F;$v&#x422;.5, &#x432;&#x44B;&#x43F;.2</subfield>
    <subfield code="9">4416634</subfield>
    <subfield code="a">&#x421;&#x430;&#x440;&#x430;&#x442;&#x43E;&#x432;&#x441;&#x43A;&#x43E;&#x435; &#x43E;&#x431;&#x449;&#x435;&#x441;&#x442;&#x432;&#x43E; &#x435;&#x441;&#x442;&#x435;&#x441;&#x442;&#x432;&#x43E;&#x438;&#x441;&#x43F;&#x44B;&#x442;&#x430;&#x442;&#x435;&#x43B;&#x435;&#x439;</subfield>
    <subfield code="c">&#x421;&#x430;&#x440;&#x430;&#x442;&#x43E;&#x432;</subfield>
    <subfield code="d">1901-1929</subfield>
    <subfield code="t">&#x422;&#x440;&#x443;&#x434;&#x44B; &#x421;&#x430;&#x440;&#x430;&#x442;&#x43E;&#x432;&#x441;&#x43A;&#x43E;&#x433;&#x43E; &#x43E;[&#x431;&#x449;&#x435;&#x441;&#x442;]&#x432;&#x430; &#x435;&#x441;&#x442;&#x435;&#x441;&#x442;&#x432;&#x43E;&#x438;&#x441;&#x43F;&#x44B;&#x442;&#x430;&#x442;&#x435;&#x43B;&#x435;&#x439; &#x438; &#x43B;&#x44E;&#x431;&#x438;&#x442;&#x435;&#x43B;&#x435;&#x439; &#x435;&#x441;&#x442;&#x435;&#x441;&#x442;&#x432;&#x43E;&#x437;&#x43D;&#x430;&#x43D;&#x438;&#x44F;</subfield>
    <subfield code="v">&#x422;.5, &#x432;&#x44B;&#x43F;.2</subfield>
  </datafield>
  <datafield tag="462" ind1=" " ind2="0">
    <subfield code="1">001RU\NLR\IC12\5000102378</subfield>
    <subfield code="1">2001#$a&#x420;&#x430;&#x431;&#x43E;&#x442;&#x44B; &#x412;&#x43E;&#x43B;&#x436;&#x441;&#x43A;&#x43E;&#x439; &#x431;&#x438;&#x43E;&#x43B;&#x43E;&#x433;&#x438;&#x447;&#x435;&#x441;&#x43A;&#x43E;&#x439; &#x441;&#x442;&#x430;&#x43D;&#x446;&#x438;&#x438;$f&#x41D;&#x430;&#x440;. &#x43A;&#x43E;&#x43C;. &#x43F;&#x440;&#x43E;&#x441;&#x432;. &#x420;&#x421;&#x424;&#x421;&#x420;. &#x413;&#x43B;&#x430;&#x432;&#x43D;&#x430;&#x443;&#x43A;&#x430;. &#x412;&#x43E;&#x43B;&#x436;&#x441;&#x43A;. &#x431;&#x438;&#x43E;&#x43B;. &#x441;&#x442;&#x430;&#x43D;&#x446;&#x438;&#x44F;$v&#x422;.3, &#x2116;3</subfield>
    <subfield code="9">1898549</subfield>
    <subfield code="a">&#x412;&#x43E;&#x43B;&#x436;&#x441;&#x43A;&#x430;&#x44F; &#x431;&#x438;&#x43E;&#x43B;&#x43E;&#x433;&#x438;&#x447;&#x435;&#x441;&#x43A;&#x430;&#x44F; &#x441;&#x442;&#x430;&#x43D;&#x446;&#x438;&#x44F; (&#x421;&#x430;&#x440;&#x430;&#x442;&#x43E;&#x432;)</subfield>
    <subfield code="c">&#x421;&#x430;&#x440;&#x430;&#x442;&#x43E;&#x432;</subfield>
    <subfield code="d">1900-1930</subfield>
    <subfield code="f">&#x41D;&#x430;&#x440;. &#x43A;&#x43E;&#x43C;. &#x43F;&#x440;&#x43E;&#x441;&#x432;. &#x420;&#x421;&#x424;&#x421;&#x420;. &#x413;&#x43B;&#x430;&#x432;&#x43D;&#x430;&#x443;&#x43A;&#x430;. &#x412;&#x43E;&#x43B;&#x436;&#x441;&#x43A;. &#x431;&#x438;&#x43E;&#x43B;. &#x441;&#x442;&#x430;&#x43D;&#x446;&#x438;&#x44F;</subfield>
    <subfield code="t">&#x422;&#x440;&#x443;&#x434;&#x44B; &#x421;&#x430;&#x440;&#x430;&#x442;&#x43E;&#x432;&#x441;&#x43A;&#x43E;&#x433;&#x43E; &#x43E;[&#x431;&#x449;&#x435;&#x441;&#x442;]&#x432;&#x430; &#x435;&#x441;&#x442;&#x435;&#x441;&#x442;&#x432;&#x43E;&#x438;&#x441;&#x43F;&#x44B;&#x442;&#x430;&#x442;&#x435;&#x43B;&#x435;&#x439; &#x438; &#x43B;&#x44E;&#x431;&#x438;&#x442;&#x435;&#x43B;&#x435;&#x439; &#x435;&#x441;&#x442;&#x435;&#x441;&#x442;&#x432;&#x43E;&#x437;&#x43D;&#x430;&#x43D;&#x438;&#x44F;. - &#x420;&#x430;&#x431;&#x43E;&#x442;&#x44B; &#x412;&#x43E;&#x43B;&#x436;&#x441;&#x43A;&#x43E;&#x439; &#x431;&#x438;&#x43E;&#x43B;&#x43E;&#x433;&#x438;&#x447;&#x435;&#x441;&#x43A;&#x43E;&#x439; &#x441;&#x442;&#x430;&#x43D;&#x446;&#x438;&#x438;</subfield>
    <subfield code="v">&#x422;.3, &#x2116;3</subfield>
  </datafield>
  <datafield tag="700" ind1=" " ind2="1">
    <subfield code="4">070</subfield>
    <subfield code="7">ca</subfield>
    <subfield code="8">rus</subfield>
    <subfield code="a">&#x41B;&#x430;&#x432;&#x440;&#x43E;&#x432;</subfield>
    <subfield code="b">&#x421;. &#x414;.</subfield>
    <subfield code="c">&#x44D;&#x43D;&#x442;&#x43E;&#x43C;&#x43E;&#x43B;&#x43E;&#x433;</subfield>
    <subfield code="f">1884-1951</subfield>
    <subfield code="g">&#x421;&#x435;&#x440;&#x433;&#x435;&#x439; &#x414;&#x43C;&#x438;&#x442;&#x440;&#x438;&#x435;&#x432;&#x438;&#x447;</subfield>
    <subfield code="3">RU\NLR\AUTH\770277775</subfield>
    <subfield code="9">2649742</subfield>
  </datafield>
  <datafield tag="801" ind1=" " ind2="1">
    <subfield code="a">RU</subfield>
    <subfield code="b">InfoComm</subfield>
    <subfield code="c">20040122</subfield>
  </datafield>
  <datafield tag="801" ind1=" " ind2="0">
    <subfield code="a">RU</subfield>
    <subfield code="b">NLR</subfield>
    <subfield code="g">PSBO</subfield>
  </datafield>
  <datafield tag="852" ind1=" " ind2=" ">
    <subfield code="a">NLR</subfield>
    <subfield code="j">&#x41F;8/146</subfield>
  </datafield>
  <datafield tag="942" ind1=" " ind2=" ">
    <subfield code="c">ISSUE</subfield>
  </datafield>
  <datafield tag="980" ind1=" " ind2=" ">
    <subfield code="a">NB</subfield>
  </datafield>
  <datafield tag="980" ind1=" " ind2=" ">
    <subfield code="a">RUSPER</subfield>
  </datafield>
</record>
